Estudios de linguística

Guardat en:
Dades bibliogràfiques
Autor principal: Lázaro Carreter, Fernando (Autor)
Format: Llibre
Idioma:espanyol
Publicat: Barcelona Crítica 1980
Col·lecció:Colección filología, 8
Matèries:
Etiquetes: Afegir etiqueta
Sense etiquetes, Sigues el primer a etiquetar aquest registre!

MARC

LEADER 00000nam a2200000 a 4500
001 UCX1072
003 CL-VaPUC
008 900529e19800000SP |||||||||||||||||spa|d
082 0 4 |a 410  |b LAZ  |2 21 
100 |a Lázaro Carreter, Fernando  |e author  |9 544517 
245 1 0 |a Estudios de linguística 
300 |a 251 p 
942 |c BK 
945 |d 19900529 00:00:00 
260 |a Barcelona  |b Crítica  |c 1980 
650 0 |a Lingüística  |9 265068 
583 |a last modification  |c 19900529 00:00:00  |k Rodrigo Vera 
490 0 |a Colección filología, 8 
999 |c 222405  |d 222403 
952 |0 0  |1 0  |4 0  |6 410_000000000000000_LAZ_1980  |7 0  |8 A  |9 217083  |a BIBEDU  |b BIBEDU  |d 2019-11-15  |i 2860481  |o 410 LAZ 1980  |p 2860481  |r 2019-11-15  |w 2019-11-15  |y BK  |k LIT